Tri čínske zastavenia S predsedom vlády ČSSR L. Štrougalom v Čínskej ľudovej republike

Podrobná bibliografia
Hlavný autor: Hotmar, Josef, 1933- (Autor)
Médium: Článok
Jazyk:slovenčina
Fyzický popis:Obr. 1.
Predmet:

MARC

LEADER 00000nab a2200000 a 4500
001 vtls000277093
003 SK-MaSNL
005 20260304040716.0
008 111130c1987 xo 0 slo
015 |a SNBRB19rr/mm-uuuuu 
035 |a CL0287211 
040 |a SNKBUCL  |b slo  |c SNKBUCL  |e AACR2 
041 0 |a slo 
044 |a xo  |c SK 
080 |a 327(437:510)  |2 1981 
080 |a 327(100-11)(510:437)  |2 1981 
100 1 |a Hotmar, Josef,  |d 1933-  |4 aut  |9 250550 
245 1 0 |a Tri čínske zastavenia  |b S predsedom vlády ČSSR L. Štrougalom v Čínskej ľudovej republike  |c Josef Hotmar 
300 |b Obr. 1. 
650 0 7 |a ČSSR  |2 snkbucl  |9 335647 
651 7 |a Čína  |2 snkbucl  |9 21369 
655 7 |a články z novín a časopisov  |2 snkbucl  |9 267496 
773 0 |t Nové slovo  |g Roč. 29, č. 19 (1987), s. 10-11 
850 |a Slovenská národná knižnica v Martine  |a MTA001 
852 |a SNK  |b KIS3GCP 
958 |a RK 
992 |a RBX 
999 |c 2664664  |d 2666594